=LDR 00000nam 2200000 4500 =001 NUTBA000000000004688 =005 20160528115428.0 =006 =007 =008 =020 ##$$a 978-979-29-2688-0 =035 ##$$0010-091400000000721 =082 ##$$a 398.221 =090 ##$$a 398.221 $b Wat n =100 ##$$a Watiek Ideo =245 ##$$a Petualangan lily dan pino - Nenek Pencari kayu bakar $c Watiek ideo =260 ##$$a Yogyakarta $b ANDI $c 2011 =300 ##$$a ii, 22 hlm $b ilus $c 28 cm =850 ##$$a NBPBMAT =990 ##$$a 0001/BPAP-NTB/20142015 =990 ##$$a 2090101312/BPAP-NTB/2015 =990 ##$$a 0001/BPAP-NTB/2015 =990 ##$$a 0001/BPAP-NTB/2015 =990 ##$$a 0001/BPAP-NTB/2015 =990 ##$$a 0001/BPAP-NTB/2016